000 00742nam a2200169 a 4500
008 061117s2005 xx |||||||||||||| || u
050 _aTHESIS
100 _aMusenga, Stephen Chiwama
245 1 4 _aThe role of traffic impact assessment in land use and transport planning
_cthesis by Stephen Musenga Chiwama
246 _aa case of Manda Hill and Arcades Shopping Centres
260 _a
_bSchool of Built Environment, Department of Civil Engineering and Construction
_c2005
350 _a0.00
650 _aENGINEERING
650 _aParking lots - Zambia
650 _aCIVIL ENGINEERING
995 _D0.00
_FCBU-MAIN LIBRARY (Kitwe)
_H1
_I0.00
_M1
_UAVAILABLE
_WNov 17, 2006
_ZUniversity Collection
999 _c56718
_d56718